Robbins and Kumar Basic Pathology (Record no. 370871)
[ view plain ]
| 000 -LEADER | |
|---|---|
| fixed length control field | 00637nam a22002297a 4500 |
| 005 - DATE AND TIME OF LATEST TRANSACTION | |
| control field | 20260404125828.0 |
| 008 - FIXED-LENGTH DATA ELEMENTS--GENERAL INFORMATION | |
| fixed length control field | 260404b |||||||| |||| 00| 0 eng d |
| 020 ## - INTERNATIONAL STANDARD BOOK NUMBER | |
| International Standard Book Number | 978-81-312-6792-9 |
| 041 ## - LANGUAGE CODE | |
| Language code of text/sound track or separate title | English |
| 082 ## - DEWEY DECIMAL CLASSIFICATION NUMBER | |
| Edition number | 11th ed. 2023 (SAE) |
| Classification number | PA 616.07 KUM B13228 |
| 100 ## - MAIN ENTRY--PERSONAL NAME | |
| Author | Kumar Vinay |
| 110 ## - MAIN ENTRY--CORPORATE NAME | |
| Corporate name or jurisdiction name as entry element | Abbad Adul K. |
| 245 ## - TITLE STATEMENT | |
| Title | Robbins and Kumar Basic Pathology |
| 250 ## - EDITION STATEMENT | |
| Edition statement | 11th edition 2023 (SAE) |
| 260 ## - PUBLICATION, DISTRIBUTION, ETC. | |
| Place of publication, distribution, etc. | New Delhi |
| Name of publisher, distributor, etc. | Elsevier |
| Date of publication, distribution, etc. | 2023 |
| 300 ## - PHYSICAL DESCRIPTION | |
| Extent | ix; 828p |
| Other physical details | pb |
| 365 ## - TRADE PRICE | |
| Price type code | Rupaye |
| Price amount | 2750 |
| Currency code | INR |
| 500 ## - GENERAL NOTE | |
| Keywords | Pathology |
| 650 ## - SUBJECT ADDED ENTRY--TOPICAL TERM | |
| Topical term or geographic name entry element | Pathology |
| 651 ## - SUBJECT ADDED ENTRY--GEOGRAPHIC NAME | |
| Geographic name | Pathology |
| 942 ## - ADDED ENTRY ELEMENTS (KOHA) | |
| Koha item type | Books |
| Withdrawn status | Lost status | Source of classification or shelving scheme | Damaged status | Not for loan | Home library | Current library | Date acquired | Vendor | Net Price | Bill number | Total Checkouts | Full call number | Barcode | Date last seen | Discount | Actual Price | Bill Date | Koha item type | Original Barcode |
|---|---|---|---|---|---|---|---|---|---|---|---|---|---|---|---|---|---|---|---|
| Dewey Decimal Classification | Reference | Smt. Bakul Tambat Institute of Nursing Education | Smt. Bakul Tambat Institute of Nursing Education | 30/03/2026 | Patil Medical Book | 1732.50 | 3816 | PA 616.07 KUM B13228 | BTIN-BK-13228 | 04/04/2026 | 37% | 2750.00 | 20/03/2026 | Books | BTIN-BK-13228 | ||||
| Dewey Decimal Classification | Smt. Bakul Tambat Institute of Nursing Education | Smt. Bakul Tambat Institute of Nursing Education | 30/03/2026 | Patil Medical Book | 1732.50 | 3816 | PA 616.07 KUM B13229 | BTIN-BK-13229 | 04/04/2026 | 37% | 2750.00 | 20/03/2026 | Books | BTIN-BK-13229 | |||||
| Dewey Decimal Classification | Smt. Bakul Tambat Institute of Nursing Education | Smt. Bakul Tambat Institute of Nursing Education | 30/03/2026 | Patil Medical Book | 1732.50 | 3816 | PA 616.07 KUM B13230 | BTIN-BK-13230 | 04/04/2026 | 37% | 2750.00 | 20/03/2026 | Books | BTIN-BK-13230 | |||||
| Dewey Decimal Classification | Smt. Bakul Tambat Institute of Nursing Education | Smt. Bakul Tambat Institute of Nursing Education | 30/03/2026 | Patil Medical Book | 1732.50 | 3816 | PA 616.07 KUM B13231 | BTIN-BK-13231 | 04/04/2026 | 37% | 2750.00 | 20/03/2026 | Books | BTIN-BK-13231 | |||||
| Dewey Decimal Classification | Smt. Bakul Tambat Institute of Nursing Education | Smt. Bakul Tambat Institute of Nursing Education | 30/03/2026 | Patil Medical Book | 1732.50 | 3816 | PA 616.07 KUM B13232 | BTIN-BK-13232 | 04/04/2026 | 37% | 2750.00 | 20/03/2026 | Books | BTIN-BK-13232 |